[Event "Chigorin Memorial 27th"]
[Site "St Petersburg"]
[Date "2019.10.13"]
[Round "9"]
[White "Gilyazitdinov, Nikita"]
[Black "Schekachikhin, Maksim"]
[Result "1/2-1/2"]
[WhiteElo "2050"]
[BlackElo "2400"]
[PlyCount "119"]
[EventDate "2019.10.05"]
[EventType "swiss"]
[EventRounds "9"]
[EventCountry "RUS"]
[SourceTitle "EXT 2021"]
[Source "ChessBase"]
[SourceDate "2020.10.23"]
[SourceVersion "1"]
[SourceVersionDate "2020.10.23"]
[SourceQuality "1"]

1. Nf3 c5 2. g3 b6 3. Bg2 Bb7 4. 0-0 Nf6 5. d3 g6 6. e4 d6 7. c3 Bg7 8. Nbd2 0-0 9. Re1 e6 10. a4 Nc6 11. Nc4 d5 12. exd5 Nxd5 13. Bg5 Qc7 14. Qd2 Rfe8 15. Bh6 Rad8 16. Rad1 Bh8 17. Ng5 Nf6 18. Qe2 Bg7 19. Bxg7 Kxg7 20. Ne4 Nxe4 21. Bxe4 e5 22. h4 Qd7 23. Bg2 f6 24. Kh2 Ba8 25. Ne3 Ne7 26. Bxa8 Rxa8 27. Qg4 Qxg4 28. Nxg4 Rad8 29. Re2 Rd7 30. Red2 Red8 31. Ne3 Nc6 32. Nc4 Rb8 33. Kg2 a6 34. Kf3 b5 35. axb5 axb5 36. Na3 f5 37. Ke2 Kf6 38. Ra1 Na5 39. Nc2 Nb3 40. Ra6+ Kg7 41. Rd1 Rbd8 42. Ke3 c4 43. d4 exd4+ 44. Nxd4 Re8+ 45. Kf3 Nxd4+ 46. Rxd4 Rxd4 47. cxd4 Rb8 48. Rc6 Kf7 49. Kf4 Rd8 50. Ke3 Re8+ 51. Kf3 Re4 52. Rb6 Rxd4 53. Rxb5 Ke6 54. Ke2 Rd7 55. Rc5 Rd4 56. Rc7 h5 57. Rc6+ Kf7 58. Rc7+ Kf6 59. Rc6+ Kg7 60. Rc7+ 1/2-1/2

[Event "Chigorin Memorial 27th"]
[Site "St Petersburg"]
[Date "2019.10.12"]
[Round "8"]
[White "Postnikov, Artem"]
[Black "Gilyazitdinov, Nikita"]
[Result "0-1"]
[WhiteElo "2297"]
[BlackElo "2050"]
[PlyCount "88"]
[EventDate "2019.10.05"]
[EventType "swiss"]
[EventRounds "9"]
[EventCountry "RUS"]
[SourceTitle "EXT 2021"]
[Source "ChessBase"]
[SourceDate "2020.10.23"]
[SourceVersion "1"]
[SourceVersionDate "2020.10.23"]
[SourceQuality "1"]

1. e4 e5 2. Nf3 Nc6 3. Bc4 Bc5 4. d3 Nf6 5. 0-0 d6 6. c3 a6 7. a4 Ba7 8. Re1 h6 9. Nbd2 0-0 10. h3 Be6 11. b4 Qd7 12. Bxe6 fxe6 13. Nf1 Qf7 14. Be3 Nh5 15. Bxa7 Rxa7 16. Ra2 Nf4 17. Re3 Raa8 18. Qb3 Ne7 19. h4 Rae8 20. b5 a5 21. d4 exd4 22. cxd4 Nc8 23. N1d2 Qg6 24. Ne1 Qg4 25. Ndf3 Rf7 26. Qc4 Nb6 27. Qf1 Ref8 28. g3 Nh5 29. Nh2 Qg6 30. Kh1 Nxg3+ 31. Rxg3 Qxg3 32. Qg2 Qb3 33. Re2 Qd1 34. f3 Qxd4 35. Ng4 Kh8 36. e5 Nd5 37. Re4 Qd1 38. Qe2 Qxe2 39. Rxe2 h5 40. Nf2 Nc3 41. Rc2 Nxa4 42. exd6 cxd6 43. Ne4 Rf4 44. Kg2 Rxh4 0-1

[Event "Tatarstan-ch"]
[Site "Kazan"]
[Date "2016.09.17"]
[Round "2"]
[White "Gilyazitdinov, Nikita"]
[Black "Yandemirov, Valeri"]
[Result "1-0"]
[WhiteElo "2055"]
[BlackElo "2347"]
[PlyCount "73"]
[EventDate "2016.09.16"]
[EventType "swiss"]
[EventRounds "9"]
[EventCountry "RUS"]
[SourceTitle "CBM 174 Extra"]
[Source "ChessBase"]
[SourceDate "2016.10.10"]
[SourceVersion "1"]
[SourceVersionDate "2016.10.10"]
[SourceQuality "1"]

1. e4 e5 2. Nf3 Nc6 3. Bb5 a6 4. Bxc6 dxc6 5. Nc3 f6 6. d3 Bg4 7. h3 Bh5 8. Be3 Qd7 9. Nxe5 Bxd1 10. Nxd7 Kxd7 11. Rxd1 Bb4 12. 0-0 Bxc3 13. bxc3 Re8 14. Rfe1 b6 15. f4 c5 16. Kf2 Ne7 17. Kf3 Nc6 18. d4 cxd4 19. cxd4 Na5 20. f5 g6 21. g4 h5 22. fxg6 hxg4+ 23. hxg4 Rhg8 24. Rh1 Rxg6 25. Rh7+ Re7 26. Rdh1 Reg7 27. Rxg7+ Rxg7 28. Rh6 Nc4 29. Bf2 Re7 30. Be1 Nd6 31. Bb4 c5 32. dxc5 bxc5 33. Bxc5 Re6 34. Bxd6 Kxd6 35. g5 fxg5 36. Rxe6+ Kxe6 37. c4 1-0

[Event "Tatarstan-ch"]
[Site "Kazan"]
[Date "2016.09.16"]
[Round "1"]
[White "Demidov, Evgueni"]
[Black "Gilyazitdinov, Nikita"]
[Result "0-1"]
[WhiteElo "1498"]
[BlackElo "2055"]
[PlyCount "96"]
[EventDate "2016.09.16"]
[EventType "swiss"]
[EventRounds "9"]
[EventCountry "RUS"]
[SourceTitle "CBM 174 Extra"]
[Source "ChessBase"]
[SourceDate "2016.10.10"]
[SourceVersion "1"]
[SourceVersionDate "2016.10.10"]
[SourceQuality "1"]

1. e4 d5 2. exd5 Qxd5 3. Nc3 Qd6 4. Nf3 Nf6 5. Be2 Bf5 6. 0-0 a6 7. d4 Nc6 8. a3 e6 9. Re1 Be7 10. b4 Rd8 11. Be3 Ng4 12. h3 Nxe3 13. fxe3 Qg3 14. Kh1 g5 15. Bf1 h5 16. Ne2 Qf2 17. Neg1 g4 18. Qd2 Qxd2 19. Nxd2 Bxc2 20. Rec1 Ba4 21. Ne4 f5 22. Nc5 Bxc5 23. Rxc5 Rd5 24. Rxd5 exd5 25. Ne2 Bc2 26. Nf4 Be4 27. Rc1 Kd7 28. b5 axb5 29. Bxb5 gxh3 30. Nxh3 h4 31. Kh2 Rg8 32. Nf4 Kd6 33. Bxc6 bxc6 34. Rc3 Rg3 35. a4 Rg8 36. a5 Ra8 37. Ra3 c5 38. Kh3 c4 39. Kxh4 Kc6 40. g3 Kb5 41. g4 fxg4 42. Kxg4 Rxa5 43. Rxa5+ Kxa5 44. Kg3 Kb4 45. Kf2 Kc3 46. Ke1 Kb2 47. Ne2 c3 48. Kd1 Bf3 0-1

[Event "Nezhmetdinov Memorial 38th"]
[Site "Kazan"]
[Date "2016.06.04"]
[Round "5"]
[White "Galiev, Irek"]
[Black "Gilyazitdinov, Nikita"]
[Result "0-1"]
[WhiteElo "1859"]
[BlackElo "2065"]
[PlyCount "96"]
[EventDate "2016.05.31"]
[EventType "swiss"]
[EventRounds "9"]
[EventCountry "RUS"]
[SourceTitle "CBM 172 Extra"]
[Source "ChessBase"]
[SourceDate "2016.06.21"]
[SourceVersion "1"]
[SourceVersionDate "2016.06.21"]
[SourceQuality "1"]

1. d4 Nf6 2. Nf3 g6 3. c4 c5 4. d5 b5 5. cxb5 a6 6. bxa6 Bxa6 7. Nc3 Bg7 8. g3 0-0 9. Bg2 d6 10. 0-0 Nbd7 11. Re1 Qb6 12. Qc2 Rfb8 13. h3 Ne8 14. e4 Nc7 15. Rb1 Nb5 16. Na4 Qb7 17. b3 Ne5 18. Nxe5 Bxe5 19. Bb2 Nd4 20. Bxd4 Bxd4 21. Bf1 Qb4 22. Bxa6 Rxa6 23. Rbc1 Qa3 24. Qe2 Rxa4 25. bxa4 Qxg3+ 26. Kh1 Qxh3+ 27. Kg1 Be5 28. Qe3 Qh2+ 29. Kf1 Bf4 30. Qf3 Bxc1 31. Rxc1 Rb4 32. a5 Qe5 33. Rc3 Ra4 34. Ra3 Qd4 35. Rxa4 Qxa4 36. Qb3 Qxa5 37. a4 Kf8 38. Qb8+ Kg7 39. Qb2+ Kh6 40. Qb5 Qd2 41. a5 c4 42. a6 c3 43. Qe2 Qc1+ 44. Qe1 Qa3 45. Qe3+ Kg7 46. Qd4+ f6 47. Qa7 c2 48. Qxe7+ Kh6 0-1

[Event "Nezhmetdinov Memorial 37th"]
[Site "Kazan"]
[Date "2015.06.04"]
[Round "5"]
[White "Gilyazitdinov, Nikita"]
[Black "Rozmanov, Aleksandr"]
[Result "1/2-1/2"]
[WhiteElo "2067"]
[BlackElo "1893"]
[PlyCount "83"]
[EventDate "2015.05.31"]
[EventType "swiss"]
[EventRounds "9"]
[EventCountry "RUS"]
[SourceTitle "CBM 166 Extra"]
[Source "ChessBase"]
[SourceDate "2015.06.18"]
[SourceVersion "1"]
[SourceVersionDate "2015.06.18"]
[SourceQuality "1"]

1. c4 e6 2. Nc3 d5 3. d4 Nf6 4. cxd5 exd5 5. Bg5 Nbd7 6. e3 Be7 7. Bd3 0-0 8. Nf3 h6 9. Bf4 a6 10. 0-0 b6 11. Rc1 c5 12. dxc5 Nxc5 13. Bb1 Bb7 14. Nd4 Bd6 15. Nce2 Nfe4 16. b4 Nd7 17. Bxe4 Bxf4 18. Nxf4 dxe4 19. Nc6 Bxc6 20. Rxc6 Ra7 21. Qd4 Re8 22. Rd1 Qb8 23. Rd6 Re7 24. Nh5 f6 25. Qc4+ Kh7 26. Qd5 Qe8 27. Qf5+ Qg6 28. Qxg6+ Kxg6 29. Nf4+ Kf7 30. Kf1 b5 31. R1d4 Nf8 32. Rb6 Nd7 33. Rc6 Ne5 34. Rc8 Rec7 35. Rdd8 Rxc8 36. Rxc8 a5 37. bxa5 g5 38. Nd5 Rxa5 39. Rc2 f5 40. Ke2 Nc4 41. f3 Ke6 42. fxe4 1/2-1/2

[Event "Nezhmetdinov Memorial 37th"]
[Site "Kazan"]
[Date "2015.06.02"]
[Round "3"]
[White "Gilyazitdinov, Nikita"]
[Black "Puzko, Danila"]
[Result "1/2-1/2"]
[WhiteElo "2067"]
[BlackElo "2306"]
[PlyCount "77"]
[EventDate "2015.05.31"]
[EventType "swiss"]
[EventRounds "9"]
[EventCountry "RUS"]
[SourceTitle "CBM 166 Extra"]
[Source "ChessBase"]
[SourceDate "2015.06.18"]
[SourceVersion "1"]
[SourceVersionDate "2015.06.18"]
[SourceQuality "1"]

1. e4 d6 2. d4 Nf6 3. Nc3 e5 4. dxe5 dxe5 5. Qxd8+ Kxd8 6. Nf3 Bd6 7. Bc4 Ke7 8. Be3 c6 9. 0-0-0 Be6 10. Bxe6 fxe6 11. Nd2 b5 12. Ne2 Nbd7 13. f3 a5 14. c4 Bc5 15. Bxc5+ Nxc5 16. Nb3 Ncd7 17. cxb5 cxb5 18. Kb1 g5 19. Rc1 g4 20. Nc5 gxf3 21. gxf3 Rhg8 22. Nxd7 Nxd7 23. Rhg1 Raf8 24. Rxg8 Rxg8 25. Rg1 Rxg1+ 26. Nxg1 Nb8 27. Kc2 Nc6 28. Kd2 a4 29. Ne2 Kd6 30. Kc3 Kc5 31. a3 Nd4 32. Ng1 h6 33. h3 Nc6 34. Ne2 Nd4 35. Ng1 Nc6 36. Ne2 Nd4 37. Ng1 Nc6 38. Ne2 Nd4 39. Ng1 1/2-1/2